000 00912nam a2200277 i 4500
001 25420
003 BD-RjUL
005 20211209050857.0
008 140318r19791951ctuaf 001 0 eng
020 _a0313209162
035 _a(BD-RjUL)25490
040 _aDLC
_cDLC
_dDLC
_dBD-RjUL
_beng
041 _aeng
082 0 0 _a949.5010924
_bURJ 1979
100 1 _aUre, P. N.
_q(Percy Neville),
_d1879-1950.
_978166
245 1 0 _aJustinian and his age /
_cP. N. Ure.
260 _aWestport, Conn. :
_bGreenwood Press,
_c1979.
300 _a262 p., [9] leaves of plates :
_bill. ;
_c22 cm.
500 _aReprint of the 1951 ed. published by Penguin Books, Harmondsworth, Eng.
500 _aIncludes index.
600 0 0 _aJustinian
_cEmperor of the East,
_d483?-565.
_978171
651 0 _aByzantine Empire
_xHistory
_yJustinian I, 527-565.
_978168
942 _2ddc
_cBK
999 _c25420
_d25420